Tribhuvan University Central Library

Russma Nepalko bimba(pragik lekh sangraha). (Record no. 106887)

MARC details
000 -LEADER
fixed length control field 00500nam a22001577a 4500
008 - FIXED-LENGTH DATA ELEMENTS--GENERAL INFORMATION
fixed length control field 230118b |||||||| |||| 00| 0 eng d
020 ## - INTERNATIONAL STANDARD BOOK NUMBER
International Standard Book Number 9789937281119
082 ## - DEWEY DECIMAL CLASSIFICATION NUMBER
Classification number N895.51408/Sr349r
100 ## - MAIN ENTRY--PERSONAL NAME
Personal name Shrestha, Tej Prakash ed.
245 ## - TITLE STATEMENT
Title Russma Nepalko bimba(pragik lekh sangraha).
260 ## - PUBLICATION, DISTRIBUTION, ETC.
Place of publication, distribution, etc. s.l:
Name of publisher, distributor, etc. Aadikabi Bhanu Bhakta Acharya dwisatbarsiki samaroha samiti,
Date of publication, distribution, etc. 2071BS.
300 ## - PHYSICAL DESCRIPTION
Other physical details 149p. ; illus.
650 ## - SUBJECT ADDED ENTRY--TOPICAL TERM
Topical term or geographic name entry element Russian essay collection
650 ## - SUBJECT ADDED ENTRY--TOPICAL TERM
Topical term or geographic name entry element Russian literature
942 ## - ADDED ENTRY ELEMENTS (KOHA)
Source of classification or shelving scheme Dewey Decimal Classification
Koha item type General Collections
Holdings
Withdrawn status Lost status Source of classification or shelving scheme Damaged status Not for loan Home library Current library Shelving location Date acquired Total Checkouts Full call number Barcode Date last seen Price effective from Koha item type
    Dewey Decimal Classification     Tribhuvan University Central Library Tribhuvan University Central Library New Building 01/18/2023   N895.51408/Sr349r 153386 01/18/2023 01/18/2023 General Collections